Don't You lyrics - Statistics

General Stats
  • This quiz has been taken 73 times
  • The average score is 189 of 239
Answer Stats
Lyrics % Correct
do
100%
don't
100%
Don't
100%
(Don't
100%
don't)
100%
me
100%
you
100%
You
100%
you,
100%
you?
100%
you)
100%
(You
100%
a
95%
I
95%
and
90%
And
90%
if
90%
at
86%
how
86%
know
86%
say
86%
So
86%
But
81%
but
81%
(But
81%
is
81%
love
81%
much
81%
feel
76%
It's
76%
I've
76%
like
76%
smile
76%
want
76%
again
71%
again,
71%
ask
71%
been
71%
I'm
71%
missed
71%
My
71%
my
71%
still
71%
the
71%
you've
71%
I'd
67%
just
67%
that
67%
to
67%
we're
67%
what
67%
why
67%
on
62%
see
62%
while,
62%
Ah,
57%
ah,
57%
ah
57%
can
57%
didn't
57%
go
57%
knew
57%
try
57%
can't
52%
friends
52%
Hey,
52%
into
52%
mean
52%
nothin'
52%
pretend)
52%
run
52%
that's
52%
this
52%
wanna
52%
wish
52%
with
52%
could
48%
heard
48%
here
48%
life
48%
she's
48%
somethin'
48%
somewhere
48%
stare
48%
walk
48%
wouldn't
48%
happy
43%
hate
43%
heart
43%
knows
43%
make
43%
really
43%
she'll
43%
sure
43%
swore
43%
tonight,
43%
tried,
43%
truth
43%
Sometimes
38%
outta
33%
No matching quizzes found
Score Distribution
Percent of People with Each Score
Percentile by Number Answered
Your Score History
You have not taken this quiz